=LDR 00000nam 2200000 4500 =001 INLIS000000000026370 =005 20130612124821 =008 ***********************************Ind** =035 ##$$0010-061300000026370 =041 ##$$a Ind =082 ##$$a 658.404 =090 ##$$a 658.404, Man a =100 ##$$a Mangkusubroto, Kuntoro =245 ##$$a Analisa keputusan pendekatan sistem dalam manajemen dan proyek, Dr. Ir Kuntoro Mangkusubroto =260 ##$$a 1987 $b Bandung =300 ##$$a 271 hlm, 21 cm =650 ##$$a Manajemen =850 ##$$a NBPNMAT